Statistics for Can you name the football team that #3

Click here to take the quiz!

General Stats

  • This quiz has been taken 43 times
  • The average score is 8 of 15

Answer Stats

DescriptionTeam% Correct
Plays as the home team at the iconic Santiago Bernabeu stadiumReal Madrid
97%
Is one of the 2 teams in the North London derbyArsenal
89%
Is one of the 2 teams in the North London derbyTottenham Hotspur
86%
Was relegated to Serie B as punishment for the Calciopoli scandalJuventus
83%
Has won the most World Cup TitlesBrazil
81%
Miraculously won the 2004 EuroGreece
75%
Featured the player who scored the most goals in World Cup historyGermany
58%
Won the European cup for 3 seasons in a row from 1971 to 1973Ajax
56%
Upset Italy in the round of 16 in the 2002 World CupSouth Korea
53%
Was on the recieving end of a CR7 Hattrick in the 2018 World CupSpain
53%
Is nicknamed the " nerazzurri "Inter Milan
47%
Defeated Man City 8-1 in the 2007/08 season of the Premier LeagueMiddlesbrough
17%
Survived after fans donated their blood for money in 2004Union Berlin
14%
Was the first to wear a shirt sponsor in 1973Eintracht Braunschweig
11%
Had the oldest player in a World CupEgypt
6%

Score Distribution

Percentile by Number Answered

Percent of People with Each Score

Your Score History

You have not taken this quiz